Dinosaur & Co : Studies in corporate evolution

Đã lưu trong:
书目详细资料
主要作者: Lloyd, Tom
格式: 图书
语言:Undetermined
出版: London Routledge & Kegan Paul 1984
主题:
标签: 添加标签
没有标签, 成为第一个标记此记录!
Thư viện lưu trữ: Trung tâm Học liệu Trường Đại học Cần Thơ
LEADER 00537nam a2200205Ia 4500
001 CTU_85906
008 210402s9999 xx 000 0 und d
082 |a 338.7 
082 |b L793 
100 |a Lloyd, Tom 
245 0 |a Dinosaur & Co : 
245 0 |b Studies in corporate evolution 
245 0 |c Tom Lloyd 
260 |a London 
260 |b Routledge & Kegan Paul 
260 |c 1984 
650 |a High technology industries 
650 |z Great britain 
904 |i Năm 
980 |a Trung tâm Học liệu Trường Đại học Cần Thơ